| 000 | 00544nam a22001817a 4500 | ||
|---|---|---|---|
| 003 | CEME | ||
| 005 | 20210628202203.0 | ||
| 008 | 210209b xxu||||| |||| 00| 0 eng d | ||
| 020 | _a0-8493-2031-3 | ||
| 040 | _c. | ||
| 082 | _a621.3136 SIM | ||
| 100 |
_aSimoes , M. Godoy ,Farret , Felix . A _958653 |
||
| 245 | _aRenewable energy systems ,design and analysis with induction generators | ||
| 260 |
_aNEW YORK _bCRC PRESS _c2004 |
||
| 300 | _a358P | ||
| 650 |
_aRENEWABLE ENERGY SOURCES.RENEWABLE ENERGY SYSTEMS _958654 |
||
| 942 |
_cBK _2ddc |
||
| 999 |
_c568802 _d568802 |
||